Most Expensive Football Transfers From/To Brazil - Statistics

General Stats
  • This quiz has been taken 214 times
    165 since last reset
  • The average score is 11 of 25
Answer Stats
Rank Fee Season From To Answer % Correct
1 £79.20m 2013/14 Santos FC Barcelona Neymar
99%
2 £40.50m 2018/19 Flamengo Real Madrid Vinícius Júnior
94%
2 £40.50m 2019/20 Santos FC Real Madrid Rodrygo
92%
6 £28.80m 2016/17 Palmeiras Manchester City Gabriel Jesus
66%
4 £36.00m 2012/13 São Paulo Paris Saint-Germain Lucas Moura
62%
7 £28.80m 2012/13 Internacional Chelsea Oscar
59%
13 £21.60m 2007/08 Internacional AC Milan Alexandre Pato
53%
8 £27.90m 2018/19 Grêmio Barcelona Arthur Melo
49%
5 £34.56m 2018/19 Flamengo AC Milan Lucas Paquetá
47%
20 £17.78m 2013/14 Corinthians Tottenham Hotspur Paulinho
44%
22 £16.65m 2018/19 Vasco da Gama Bayer Leverkusen Paulinho
44%
13 £21.60m 2005/06 Santos FC Real Madrid Robinho
43%
25 £15.66m 2016/17 São Paulo Ajax Amsterdam David Neres
38%
10 £26.55m 2016/17 Santos FC Inter Milan Gabriel Barbosa
38%
24 £15.75m 2019/20 Inter Milan Flamengo Gabriel Barbosa
38%
9 £27.00m 2019/20 Flamengo Real Madrid Reinier
38%
16 £18.00m 2021/22 Flamengo Olympique Marseille Gerson
32%
21 £16.74m 2016/17 Fluminense AS Roma Gerson
32%
15 £19.58m 2019/20 Athletico Paranaense Atletico Madrid Renan Lodi
30%
11 £22.50m 2013/14 Atlético Mineiro Shakhtar Donetsk Bernard
27%
16 £18.00m 2019/20 Athletico Paranaense Olympique Lyon Bruno Guimarães
27%
16 £18.00m 2020/21 Grêmio Benfica Éverton
25%
11 £22.50m 2021/22 Internacional Zenit Saint-Petersburg Yuri Alberto
14%
23 £16.20m 2020/21 Corinthians Benfica Pedrinho
10%
16 £18.00m 2001/02 Cruzeiro Barcelona Geovanni
4%
No matching quizzes found
Score Distribution
Percent of People with Each Score
Percentile by Number Answered
Your Score History
You have not taken this quiz since the last reset